000 00424pab a2200169 454500
008 180718b1988 xxu||||| |||| 00| 0 eng d
100 _aMalaviya, P.D.
245 _aTraining of senior police officers: Some basic issues
260 _c1988
300 _ap.616-621.
362 _aJul-Sep
650 _aPolice
650 _aTraining
773 _aIndian Journal of Public Administration
908 _aN
909 _a88862
999 _c88862
_d88862